| 000 | 00583cam a2200145 4500500 | ||
|---|---|---|---|
| 005 | 20260208002440.0 | ||
| 041 | _afre | ||
| 042 | _adc | ||
| 100 | 1 | 0 |
_aMasset, Claude _eauthor |
| 245 | 0 | 0 | _aBruno Latour, Sur le culte moderne des dieux faitiches. Suivi de Iconoclash, Paris, La Découverte, 2009, 203 p., notes bibliogr. (« Les Empêcheurs de penser en rond ») |
| 260 | _c2011. | ||
| 500 | _a26 | ||
| 786 | 0 | _nL'Homme | 198-199 | 2 | 2011-07-01 | p. 367n-409n | 0439-4216 | |
| 856 | 4 | 1 | _uhttps://shs.cairn.info/revue-l-homme-2011-2-page-367n?lang=fr&redirect-ssocas=7080 |
| 999 |
_c1646409 _d1646409 |
||